00509 2200169 4500245007100000020001800071250001000089100002200099650002900121005001900150260003000169041001400199084001100213500006200224490004400286336000900330 aAtlas Al-Quran (Jejak para Nabi) Volume AcSYAUQI ABU KHALILhText a979-99479-7-9 aCet.1 aSYAUQI ABU KHALIL aEnsiklopedia Agama Islam a20231124135629 aJakartabPT Kharisma Ilmu aIndonesia a297.03 aDaftar Isi : Nabi Adam AS, Qabil Dan Habil, Nabi Idris AS aATLAS AL- QURAN (JEJAK PARA NABI) VOL.A atext